000 01341nam a22003134a 4500
001 ebr10186233
003 CaPaEBR
006 m u
007 cr cn|||||||||
008 020724s2003 ne a sb 001 0 eng
020 _z1558606432 (pbk. : alk. paper)
040 _aCaPaEBR
_cCaPaEBR
035 _a(OCoLC)154232343
050 1 4 _aBF637.P4
_bF55 2003eb
082 0 4 _a153.8/52/0285
_221
100 1 _aFogg, B. J.
245 1 0 _aPersuasive technology
_h[electronic resource] :
_busing computers to change what we think and do /
_cB.J. Fogg.
260 _aAmsterdam ;
_aBoston :
_bMorgan Kaufmann Publishers,
_cc2003.
300 _axxviii, 283 p. :
_bill.
490 1 _aThe Morgan Kaufmann series in interactive technologies
504 _aIncludes bibliographical references and index.
533 _aElectronic reproduction.
_bPalo Alto, Calif. :
_cebrary,
_d2013.
_nAvailable via World Wide Web.
_nAccess may be limited to ebrary affiliated libraries.
650 0 _aPersuasion (Psychology)
_xComputer programs.
650 0 _aHuman-computer interaction.
655 7 _aElectronic books.
_2local
710 2 _aebrary, Inc.
830 0 _aMorgan Kaufmann series in interactive technologies.
856 4 0 _uhttp://site.ebrary.com/lib/rucke/Doc?id=10186233
_zAn electronic book accessible through the World Wide Web; click to view
999 _c232559
_d232559